000
00233nam a22000977a 4500
999
_c
11222
_d
11222
008
181023b ||||| |||| 00| 0 eng d
020
_a
9788182963696
100
_a
Kalpana
_9
5083
245
_a
Vayakra-10
260
_a
New Delhi
_b
Arya
_c
2011